[Event "CZE-chT2C 1314"]
[Site "Czech Republic"]
[Date "2013.11.03"]
[Round "1.7"]
[White "Hasek, Vaclav"]
[Black "Vincze, Roman"]
[Result "1/2-1/2"]
[WhiteElo "2015"]
[BlackElo "2131"]
[PlyCount "162"]
[EventDate "2013.11.03"]
[EventType "team-tourn"]
[EventRounds "11"]
[EventCountry "CZE"]
[SourceTitle "EXT 2015"]
[Source "ChessBase"]
[SourceDate "2014.11.20"]
[SourceVersion "1"]
[SourceVersionDate "2014.11.20"]
[SourceQuality "1"]
[WhiteTeam "Tabor"]
[BlackTeam "Jihlava Gordic"]
[WhiteTeamCountry "CZE"]
[BlackTeamCountry "CZE"]

1. Nf3 d5 2. d4 Bf5 3. c4 dxc4 4. e3 e6 5. Bxc4 c6 6. Nc3 Nf6 7. 0-0 Be7 8. b3 0-0 9. Bb2 Nbd7 10. Bd3 Bxd3 11. Qxd3 Qa5 12. e4 Rfd8 13. e5 Nd5 14. Ne4 Nf8 15. a3 Qb6 16. Rac1 a5 17. Nfd2 a4 18. b4 Nc7 19. Nc4 Qa6 20. Qg3 Nb5 21. Rfd1 Ng6 22. f4 Qa7 23. Qf2 Rd5 24. Ne3 Rd7 25. Nc5 Bxc5 26. dxc5 Rad8 27. Rxd7 Rxd7 28. f5 exf5 29. Qxf5 Nf8 30. Nc4 Qb8 31. Rf1 Qe8 32. Nd6 Qe6 33. Qxe6 Nxe6 34. g3 Ned4 35. Rf2 Re7 36. Nc4 Rd7 37. Kg2 Ne6 38. Nd6 Kf8 39. Kf3 Nxd6 40. exd6 b5 41. cxb6 Rb7 42. Rd2 Rxb6 43. Bd4 Rb5 44. Ke3 Ke8 45. Ba7 Kd7 46. Rd3 f5 47. h4 g6 48. Kf3 h6 49. Be3 g5 50. hxg5 hxg5 51. Ke2 f4 52. gxf4 gxf4 53. Bf2 Rh5 54. Kf1 Rh1+ 55. Kg2 Rb1 56. Kf3 Rb3 57. Ke4 Ng5+ 58. Kd4 Nf3+ 59. Ke4 Rxd3 60. Kxd3 Ne5+ 61. Ke4 Nc4 62. Kxf4 Nxa3 63. Bd4 Nc2 64. Bc3 a3 65. Ke4 a2 66. b5 cxb5 67. Kd5 b4 68. Bb2 a1Q 69. Bxa1 Nxa1 70. Kc4 Nc2 71. Kb3 Kxd6 72. Kxc2 Kc5 73. Kb3 Kb5 74. Kb2 Kc4 75. Kc2 b3+ 76. Kb2 Kb4 77. Kb1 Ka4 78. Kb2 Kb4 79. Kb1 Kc3 80. Kc1 b2+ 81. Kb1 Kb3 1/2-1/2

[Event "Tabor op"]
[Site "Tabor"]
[Date "2013.08.02"]
[Round "7"]
[White "Hasek, Vaclav"]
[Black "Vesely, Vitek"]
[Result "1/2-1/2"]
[WhiteElo "2049"]
[BlackElo "1824"]
[PlyCount "36"]
[EventDate "2013.07.28"]
[EventType "swiss"]
[EventRounds "9"]
[EventCountry "CZE"]
[SourceTitle "CBM 155 Extra"]
[Source "ChessBase"]
[SourceDate "2013.08.26"]
[SourceVersion "1"]
[SourceVersionDate "2013.08.26"]
[SourceQuality "1"]

1. Nf3 Nf6 2. d4 e6 3. c4 b6 4. g3 Bb7 5. Bg2 Be7 6. 0-0 0-0 7. Nc3 Ne4 8. Nxe4 Bxe4 9. d5 exd5 10. cxd5 Bf6 11. Nd4 Bxg2 12. Kxg2 Na6 13. e4 Re8 14. Re1 c5 15. Nb5 d6 16. Bf4 Be7 17. e5 dxe5 18. Bxe5 Qd7 1/2-1/2

[Event "CZE-chT2C 1213"]
[Site "Czech Republic"]
[Date "2012.11.18"]
[Round "3.7"]
[White "Krouzel, Jaroslav"]
[Black "Hasek, Vaclav"]
[Result "1/2-1/2"]
[WhiteElo "2153"]
[BlackElo "2040"]
[PlyCount "101"]
[EventDate "2012.10.14"]
[EventType "team-tourn"]
[EventRounds "11"]
[EventCountry "CZE"]
[SourceTitle "EXT 2015"]
[Source "ChessBase"]
[SourceDate "2014.11.20"]
[SourceVersion "1"]
[SourceVersionDate "2014.11.20"]
[SourceQuality "1"]
[WhiteTeam "Pankrac II"]
[BlackTeam "Tabor"]
[WhiteTeamCountry "CZE"]
[BlackTeamCountry "CZE"]

1. d4 d5 2. Nf3 c6 3. c4 Nf6 4. Nc3 e6 5. Bg5 Nbd7 6. e3 Qa5 7. Nd2 Bb4 8. Qc2 0-0 9. Bxf6 Nxf6 10. Bd3 Bd7 11. 0-0 Bxc3 12. bxc3 Qc7 13. Rab1 b6 14. Nf3 dxc4 15. Bxc4 c5 16. Rfc1 Bc6 17. Ne5 Be4 18. Bd3 Bxd3 19. Qxd3 Rac8 20. h3 Rfd8 21. Qf1 Nd7 22. f4 Nxe5 23. fxe5 cxd4 24. cxd4 Qb7 25. Qd3 h6 26. e4 Qd7 27. Rxc8 Rxc8 28. Rd1 Qa4 29. d5 exd5 30. exd5 Qc2 31. Qxc2 Rxc2 32. d6 Rc8 33. Kf2 Kf8 34. Ke3 Rc3+ 35. Kd4 Rc2 36. Rf1 Ke8 37. g4 Rxa2 38. d7+ Kxd7 39. Rxf7+ Ke6 40. Rxg7 Ra4+ 41. Kc3 Kxe5 42. Kb3 Rf4 43. g5 hxg5 44. Rxg5+ Kf6 45. Rh5 Kg6 46. Rh8 Rf7 47. Kc4 Rh7 48. Rg8+ Kf7 49. Rg3 Rh5 50. Re3 a5 51. Rb3 1/2-1/2

[Event "Tabor op"]
[Site "Tabor"]
[Date "2012.08.01"]
[Round "5"]
[White "Zilavy, Jan"]
[Black "Hasek, Vaclav"]
[Result "0-1"]
[WhiteElo "1657"]
[BlackElo "2079"]
[PlyCount "134"]
[EventDate "2012.07.29"]
[EventType "swiss"]
[EventRounds "9"]
[EventCountry "CZE"]
[SourceTitle "EXT 2013"]
[Source "ChessBase"]
[SourceDate "2012.11.22"]
[SourceVersion "1"]
[SourceVersionDate "2012.11.22"]
[SourceQuality "1"]

1. e4 e5 2. Nc3 d6 3. Bc4 Be7 4. d3 Nf6 5. h3 0-0 6. f4 exf4 7. Bxf4 c6 8. Nge2 d5 9. exd5 cxd5 10. Bb3 Nc6 11. 0-0 Be6 12. Kh1 Qd7 13. Rf3 Nh5 14. Qe1 Rae8 15. Qf2 d4 16. Ne4 Nxf4 17. Rxf4 Bxb3 18. axb3 f5 19. N4g3 Bg5 20. Rxf5 Rxf5 21. Nxf5 Rf8 22. Nexd4 Nxd4 23. Qxd4 Qxf5 24. Qxa7 Qe5 25. Qxb7 Qxb2 26. Re1 Qc3 27. Re2 Qf6 28. Qd5+ Kh8 29. Qf3 Qd8 30. Qc6 Qf6 31. Qxf6 Bxf6 32. c4 Kg8 33. b4 Rd8 34. Re3 Kf7 35. g4 Bd4 36. Rf3+ Ke6 37. Kg2 Rb8 38. b5 Rb7 39. Rf5 g6 40. Rd5 Ba7 41. d4 Bb8 42. Kf3 Rd7 43. Rxd7 Kxd7 44. Ke4 Bh2 45. c5 Bg3 46. Kd5 Bf2 47. c6+ Kc7 48. Kc5 Bg3 49. b6+ Kc8 50. d5 Bf2+ 51. Kb5 Bg3 52. Ka6 Kb8 53. b7 Bd6 54. Kb5 Kc7 55. Ka6 Kb8 56. Kb6 Bg3 57. g5 Bh2 58. h4 Bg3 59. Kc5 Kc7 60. b8Q+ Kxb8 61. d6 Kc8 62. Kd5 Bxh4 63. c7 Kd7 64. Kc5 Bg3 65. Kd5 Bf4 66. c8Q+ Kxc8 67. Ke6 Bxg5 0-1

[Event "Tabor op"]
[Site "Tabor"]
[Date "2012.07.31"]
[Round "4"]
[White "Hasek, Vaclav"]
[Black "Bauer, Pavel"]
[Result "1-0"]
[WhiteElo "2079"]
[BlackElo "1840"]
[PlyCount "72"]
[EventDate "2012.07.29"]
[EventType "swiss"]
[EventRounds "9"]
[EventCountry "CZE"]
[SourceTitle "EXT 2013"]
[Source "ChessBase"]
[SourceDate "2012.11.22"]
[SourceVersion "1"]
[SourceVersionDate "2012.11.22"]
[SourceQuality "1"]

1. Nf3 Nf6 2. d4 c5 3. c4 e6 4. g3 d5 5. cxd5 exd5 6. dxc5 Bxc5 7. Bg2 0-0 8. 0-0 h6 9. b3 Nc6 10. Bb2 d4 11. Na3 Ne4 12. Nb5 Nxf2 13. Rxf2 d3 14. Qxd3 Qb6 15. Nbd4 Bg4 16. e3 Rfe8 17. Qc3 Bb4 18. Qc4 Bxf3 19. Bxf3 Ne5 20. Qe2 Rac8 21. a3 Bc5 22. b4 Bf8 23. Rc1 a5 24. bxa5 Qxa5 25. Bxb7 Rb8 26. Nc6 Nxc6 27. Bxc6 Red8 28. Qc4 Rxb2 29. Rxb2 Qxa3 30. Rb3 Qa2 31. Rc2 Qa5 32. Rd3 Rb8 33. Be4 Qe5 34. Rd5 Qf6 35. Rf5 Qb6 36. Qf1 Ba3 1-0

[Event "CZE-chT2A 1112"]
[Site "Czech Republic"]
[Date "2012.01.22"]
[Round "6"]
[White "Janocko, Petr"]
[Black "Hasek, Vaclav"]
[Result "1/2-1/2"]
[WhiteElo "2093"]
[BlackElo "2110"]
[PlyCount "31"]
[EventDate "2011.10.09"]
[EventType "team-tourn"]
[EventRounds "11"]
[EventCountry "CZE"]
[SourceTitle "EXT 2013"]
[Source "ChessBase"]
[SourceDate "2012.11.22"]
[SourceVersion "1"]
[SourceVersionDate "2012.11.22"]
[SourceQuality "1"]
[WhiteTeam "Plzen Letna"]
[BlackTeam "Tabor Sokol"]
[WhiteTeamCountry "CZE"]
[BlackTeamCountry "CZE"]

1. d4 d5 2. c4 c6 3. cxd5 cxd5 4. Nc3 Nf6 5. Bf4 Nc6 6. e3 Bf5 7. Bd3 Bxd3 8. Qxd3 e6 9. Qb5 Qd7 10. a3 Be7 11. Nf3 0-0 12. Ne5 Nxe5 13. Bxe5 Qxb5 14. Nxb5 a6 15. Bxf6 Bxf6 16. Nc3 1/2-1/2

[Event "CZE-chT2A 1011"]
[Site "Czech Republic"]
[Date "2011.03.27"]
[Round "10"]
[White "Folkova, Martina"]
[Black "Hasek, Vaclav"]
[Result "0-1"]
[WhiteElo "2136"]
[BlackElo "2067"]
[PlyCount "122"]
[EventDate "2010.10.17"]
[EventType "team-tourn"]
[EventRounds "11"]
[EventCountry "CZE"]
[SourceTitle "EXT 2012"]
[Source "ChessBase"]
[SourceDate "2011.11.24"]
[SourceVersion "1"]
[SourceVersionDate "2011.11.24"]
[SourceQuality "1"]
[WhiteTeam "Plzen Sokol"]
[BlackTeam "Tabor"]
[WhiteTeamCountry "CZE"]
[BlackTeamCountry "CZE"]

1. e4 Nf6 2. e5 Nd5 3. d4 d6 4. c4 Nb6 5. exd6 exd6 6. Nc3 Be7 7. Be2 Nc6 8. d5 Ne5 9. f4 Ng6 10. Nf3 0-0 11. 0-0 Bg4 12. h3 Bxf3 13. Rxf3 Nh4 14. Rf1 Nf5 15. Bd3 Qd7 16. Qh5 g6 17. Bxf5 Qxf5 18. Qxf5 gxf5 19. b3 Bf6 20. Bd2 a5 21. Rac1 a4 22. Nb5 Rfc8 23. Bc3 Kg7 24. Rfe1 Bxc3 25. Rxc3 Kf6 26. Rce3 axb3 27. axb3 Ra2 28. Re8 Rxe8 29. Rxe8 Rb2 30. Re3 Na8 31. Kh2 h5 32. Kg3 Kg6 33. Nd4 Rd2 34. Nf3 Rb2 35. Ne1 Nb6 36. Kh4 Nd7 37. Rg3+ Kh6 38. Rg5 Rxb3 39. Rxf5 Kg6 40. Rg5+ Kf6 41. Rxh5 Rc3 42. Nf3 Rxc4 43. Kg4 b5 44. h4 b4 45. Rf5+ Kg7 46. Rg5+ Kh7 47. Rh5+ Kg7 48. Rg5+ Kf6 49. h5 b3 50. h6 Nf8 51. Nd2 b2 52. Rg8 Nh7 53. Rb8 Rc2 54. Ne4+ Kg6 55. Kf3 Kxh6 56. g4 Kg7 57. g5 f6 58. Kg4 fxg5 59. fxg5 Nf8 60. Kf5 Nd7 61. Rb7 Nb6 0-1

[Event "Tabor op"]
[Site "Tabor"]
[Date "2010.08.02"]
[Round "2"]
[White "Hasek, Vaclav"]
[Black "Havlik, Jan"]
[Result "0-1"]
[WhiteElo "2049"]
[BlackElo "2353"]
[PlyCount "44"]
[EventDate "2010.08.01"]
[EventType "swiss"]
[EventRounds "9"]
[EventCountry "CZE"]
[SourceTitle "EXT 2012"]
[Source "ChessBase"]
[SourceDate "2011.11.24"]
[SourceVersion "1"]
[SourceVersionDate "2011.11.24"]
[SourceQuality "1"]

1. Nf3 Nf6 2. d4 g6 3. g3 Bg7 4. Bg2 0-0 5. b3 c5 6. Bb2 cxd4 7. Nxd4 d5 8. 0-0 Re8 9. Nf3 Nc6 10. Ne5 Qc7 11. Nxc6 bxc6 12. Nd2 Rb8 13. c4 e5 14. cxd5 cxd5 15. Qc1 Qb6 16. Nf3 d4 17. Nd2 Ba6 18. Qd1 e4 19. Nc4 Bxc4 20. Bxd4 Bxe2 21. Bxb6 Bxd1 22. Bxa7 Ra8 0-1

[Event "Tabor op"]
[Site "Tabor"]
[Date "2010.08.02"]
[Round "3"]
[White "Hess, Pavel"]
[Black "Hasek, Vaclav"]
[Result "0-1"]
[WhiteElo "1892"]
[BlackElo "2049"]
[PlyCount "80"]
[EventDate "2010.08.01"]
[EventType "swiss"]
[EventRounds "9"]
[EventCountry "CZE"]
[SourceTitle "EXT 2012"]
[Source "ChessBase"]
[SourceDate "2011.11.24"]
[SourceVersion "1"]
[SourceVersionDate "2011.11.24"]
[SourceQuality "1"]

1. e4 Nf6 2. e5 Nd5 3. d4 d6 4. c4 Nb6 5. f4 g6 6. Nc3 Bg7 7. Be2 dxe5 8. fxe5 0-0 9. Nf3 c6 10. 0-0 f6 11. Bf4 Be6 12. Qb3 Bf7 13. Rad1 N8d7 14. Ne4 Re8 15. Nc5 fxe5 16. Bxe5 Bxe5 17. Nxe5 Nxe5 18. dxe5 Qc8 19. Rxf7 Kxf7 20. e6+ Kg8 21. Nd7 Qc7 22. c5 Nd5 23. Rf1 Rf8 24. Rxf8+ Rxf8 25. Nxf8 Kxf8 26. Qf3+ Qf4 27. Qxf4+ Nxf4 28. Bc4 Kg7 29. g3 Nh5 30. Be2 Kf6 31. Bc4 Ng7 32. Kf2 Nxe6 33. b4 Nd4 34. Bd3 Ke5 35. a3 Nf5 36. g4 Kd4 37. Bxf5 gxf5 38. g5 Ke4 39. Kg3 f4+ 40. Kf2 Kf5 0-1

[Event "Tabor op"]
[Site "Tabor"]
[Date "2009.08.03"]
[Round "2"]
[White "Mudrak, Josef"]
[Black "Hasek, Vaclav"]
[Result "1-0"]
[WhiteElo "2344"]
[BlackElo "2055"]
[PlyCount "83"]
[EventDate "2009.08.02"]
[EventType "swiss"]
[EventRounds "9"]
[EventCountry "CZE"]
[SourceTitle "CBM 131 Extra"]
[Source "ChessBase"]
[SourceDate "2009.09.03"]
[SourceVersion "2"]
[SourceVersionDate "2009.09.16"]
[SourceQuality "1"]

1. d4 d5 2. Nf3 Nf6 3. g3 c6 4. Bg2 Bf5 5. 0-0 e6 6. c4 Nbd7 7. Nc3 Be7 8. Nh4 Bg6 9. Nxg6 hxg6 10. e4 dxe4 11. Nxe4 Nxe4 12. Bxe4 Nf6 13. Bg2 Qa5 14. b4 Qxb4 15. Qc2 Qd6 16. Rd1 0-0 17. Rb1 Qd7 18. a4 Rab8 19. a5 b6 20. a6 Rfc8 21. Qe2 b5 22. cxb5 cxb5 23. Bb7 Rc4 24. Qe5 Rd8 25. Qxb5 Rc2 26. Qb3 Qc7 27. Bf4 Bd6 28. Rdc1 Rxc1+ 29. Rxc1 Qa5 30. Bxd6 Rxd6 31. Qc3 Qa2 32. Qc8+ Kh7 33. Qf8 Ng4 34. Qxf7 Qd2 35. Rc8 Qxd4 36. Qg8+ Kh6 37. Qh8+ Kg5 38. Rf8 Nf6 39. Kg2 Qb4 40. Qxg7 Qd4 41. h4+ Kf5 42. Rxf6+ 1-0

[Event "Tabor op"]
[Site "Tabor"]
[Date "2008.08.02"]
[Round "8"]
[White "Lorencova, Vera"]
[Black "Hasek, Vaclav"]
[Result "1/2-1/2"]
[WhiteElo "1959"]
[BlackElo "2094"]
[PlyCount "69"]
[EventDate "2008.07.26"]
[EventType "swiss"]
[EventRounds "9"]
[EventCountry "CZE"]
[SourceTitle "CBM 125 Extra"]
[Source "ChessBase"]
[SourceDate "2008.09.01"]
[SourceVersion "1"]
[SourceVersionDate "2008.09.01"]
[SourceQuality "1"]

1. e4 Nf6 2. Nc3 d5 3. exd5 Nxd5 4. Bc4 c6 5. Qf3 e6 6. Qg3 Qd6 7. Nge2 Qxg3 8. Nxg3 Nxc3 9. dxc3 b5 10. Bd3 Bb7 11. 0-0 Be7 12. Be3 Nd7 13. a4 a6 14. axb5 cxb5 15. Be4 Bxe4 16. Nxe4 0-0 17. Rfd1 Nf6 18. Bg5 Rfd8 19. g3 Rxd1+ 20. Rxd1 Nxe4 21. Bxe7 Nf6 22. Bxf6 gxf6 23. Kg2 Rc8 24. Rd6 a5 25. Rb6 Rc5 26. b4 axb4 27. cxb4 Rxc2 28. Rxb5 Kg7 29. Kf3 f5 30. h4 h5 31. Ke3 Kf6 32. f4 Rc3+ 33. Kf2 Rc2+ 34. Ke3 Rc3+ 35. Kf2 1/2-1/2

[Event "Tabor op"]
[Site "Tabor"]
[Date "2008.07.31"]
[Round "6"]
[White "Prochazka, Petr"]
[Black "Hasek, Vaclav"]
[Result "1/2-1/2"]
[WhiteElo "1994"]
[BlackElo "2094"]
[PlyCount "25"]
[EventDate "2008.07.26"]
[EventType "swiss"]
[EventRounds "9"]
[EventCountry "CZE"]
[SourceTitle "CBM 125 Extra"]
[Source "ChessBase"]
[SourceDate "2008.09.01"]
[SourceVersion "1"]
[SourceVersionDate "2008.09.01"]
[SourceQuality "1"]

1. e4 Nf6 2. e5 Nd5 3. c4 Nb6 4. c5 Nd5 5. Bc4 c6 6. Nc3 Nxc3 7. dxc3 d5 8. cxd6 exd6 9. exd6 Bxd6 10. Qe2+ Qe7 11. Bg5 Qxe2+ 12. Nxe2 0-0 13. 0-0-0 1/2-1/2

[Event "Tabor op"]
[Site "Tabor"]
[Date "2008.07.27"]
[Round "1"]
[White "Hasek, Vaclav"]
[Black "Lomsky, Radek"]
[Result "1-0"]
[WhiteElo "2094"]
[BlackElo "1722"]
[PlyCount "79"]
[EventDate "2008.07.26"]
[EventType "swiss"]
[EventRounds "9"]
[EventCountry "CZE"]
[SourceTitle "CBM 125 Extra"]
[Source "ChessBase"]
[SourceDate "2008.09.01"]
[SourceVersion "1"]
[SourceVersionDate "2008.09.01"]
[SourceQuality "1"]

1. Nf3 Nf6 2. d4 e6 3. c4 b6 4. Nc3 Bb4 5. a3 Bxc3+ 6. bxc3 Bb7 7. Bg5 0-0 8. e3 d5 9. cxd5 exd5 10. Bd3 Nbd7 11. Ne5 Nb8 12. Qf3 h6 13. h4 Re8 14. Qf4 Bc8 15. Qf3 c6 16. g4 Qd6 17. Bf4 Qf8 18. g5 Ne4 19. gxh6 g6 20. h5 g5 21. Bxe4 dxe4 22. Qxe4 Qxh6 23. Rg1 f6 24. Qf3 Re7 25. Ng6 Rf7 26. Bd6 Be6 27. Qe4 Bd7 28. Kd2 Na6 29. Ne7+ Kh8 30. Nxc6 Re8 31. Ne7 f5 32. Be5+ Kh7 33. Qb7 Bc8 34. Qg2 Rfxe7 35. Qxg5 Qxg5 36. Rxg5 Nc7 37. Rag1 a6 38. f4 Bb7 39. c4 Be4 40. d5 1-0

[Event "CZE-chT2a 0607"]
[Site "Czech Republic"]
[Date "2007.04.15"]
[Round "11.7"]
[White "Hasek, Vaclav"]
[Black "Cerny, Vaclav"]
[Result "1/2-1/2"]
[WhiteElo "2085"]
[BlackElo "2085"]
[PlyCount "32"]
[EventDate "2006.10.15"]
[EventType "team"]
[EventRounds "11"]
[EventCountry "CZE"]
[SourceTitle "EXT 2009"]
[Source "ChessBase"]
[SourceDate "2008.11.26"]
[SourceVersion "1"]
[SourceVersionDate "2008.11.26"]
[SourceQuality "1"]
[WhiteTeam "Tabor II"]
[BlackTeam "Domazlice"]
[WhiteTeamCountry "CZE"]
[BlackTeamCountry "CZE"]

1. Nf3 g6 2. d4 Bg7 3. c4 Nf6 4. Nc3 0-0 5. g3 d6 6. Bg2 Nc6 7. 0-0 Bg4 8. h3 Bxf3 9. Bxf3 Nd7 10. e3 e5 11. d5 Ne7 12. e4 a5 13. Be3 Nc5 14. Bxc5 dxc5 15. Qe2 Nc8 16. Nb5 Nd6 1/2-1/2

[Event "CZE-chT2a 0607"]
[Site "Czech Republic"]
[Date "2006.12.03"]
[Round "4.6"]
[White "Hasek, Vaclav"]
[Black "Krejcova, Katerina"]
[Result "1-0"]
[WhiteElo "2085"]
[BlackElo "1960"]
[PlyCount "49"]
[EventDate "2006.10.15"]
[EventType "team"]
[EventRounds "11"]
[EventCountry "CZE"]
[SourceTitle "EXT 2009"]
[Source "ChessBase"]
[SourceDate "2008.11.26"]
[SourceVersion "1"]
[SourceVersionDate "2008.11.26"]
[SourceQuality "1"]
[WhiteTeam "Tabor II"]
[BlackTeam "Praha Praga"]
[WhiteTeamCountry "CZE"]
[BlackTeamCountry "CZE"]

1. Nf3 c5 2. c4 Nc6 3. g3 g6 4. Bg2 Bg7 5. 0-0 e6 6. Nc3 Nge7 7. e3 0-0 8. d4 cxd4 9. exd4 d5 10. c5 Nf5 11. Be3 e5 12. dxe5 d4 13. Bg5 Qa5 14. Ne4 Nxe5 15. Nxe5 Bxe5 16. g4 Ng7 17. f4 f5 18. gxf5 gxf5 19. fxe5 fxe4 20. Rxf8+ Kxf8 21. Qxd4 Ne6 22. Qd6+ Kg8 23. Be3 Qc7 24. Qxc7 Nxc7 25. Bxe4 1-0

[Event "CZE-chT2a 0607"]
[Site "Czech Republic"]
[Date "2006.11.05"]
[Round "2.5"]
[White "Marik, Jiri"]
[Black "Hasek, Vaclav"]
[Result "1-0"]
[WhiteElo "1974"]
[BlackElo "2085"]
[PlyCount "84"]
[EventDate "2006.10.15"]
[EventType "team"]
[EventRounds "11"]
[EventCountry "CZE"]
[SourceTitle "EXT 2009"]
[Source "ChessBase"]
[SourceDate "2008.11.26"]
[SourceVersion "1"]
[SourceVersionDate "2008.11.26"]
[SourceQuality "1"]
[WhiteTeam "Plzen Loko"]
[BlackTeam "Tabor II"]
[WhiteTeamCountry "CZE"]
[BlackTeamCountry "CZE"]

1. Nf3 d5 2. d4 Nf6 3. g3 Bf5 4. Bg2 c6 5. 0-0 e6 6. Nbd2 Be7 7. c4 Nbd7 8. b3 Ne4 9. Bb2 0-0 10. a3 Bf6 11. Ne5 Nxd2 12. Qxd2 Bxe5 13. dxe5 dxc4 14. Qb4 Qc7 15. bxc4 Nxe5 16. Bxe5 Qxe5 17. Qxb7 Qxe2 18. Qxc6 Rac8 19. Qa6 Qxc4 20. Qxa7 Be4 21. Bxe4 Qxe4 22. Rfe1 Qf3 23. Re3 Qf6 24. Rd1 Rc2 25. Red3 h6 26. Kg2 Rc3 27. a4 Rfc8 28. a5 R3c7 29. Qb6 e5 30. Qe3 Qc6+ 31. Kg1 f6 32. Rd6 Qc5 33. Qb3+ Kh7 34. a6 Ra7 35. Qd3+ Kg8 36. Qg6 Raa8 37. Rxf6 Rf8 38. Rxf8+ Rxf8 39. Qe6+ Kh8 40. Qa2 Ra8 41. Ra1 Ra7 42. Qb2 Qd6 1-0

[Event "Klatovy op-A"]
[Site "Klatovy"]
[Date "2005.07.09"]
[Round "8"]
[White "Hasek, Vaclav"]
[Black "Pekarek, Petr"]
[Result "1/2-1/2"]
[WhiteElo "2117"]
[BlackElo "2127"]
[PlyCount "68"]
[EventDate "2005.07.02"]
[EventType "swiss"]
[EventRounds "9"]
[EventCountry "CZE"]
[SourceTitle "CBM 107 Extra"]
[Source "ChessBase"]
[SourceDate "2005.09.01"]
[SourceVersion "1"]
[SourceVersionDate "2005.09.01"]
[SourceQuality "1"]

1. Nf3 c5 2. c4 g6 3. g3 Bg7 4. Bg2 Nf6 5. 0-0 Nc6 6. Nc3 0-0 7. e3 d6 8. d4 Bg4 9. h3 cxd4 10. exd4 Bxf3 11. Bxf3 Qb6 12. Bxc6 bxc6 13. b3 Rfe8 14. Be3 d5 15. cxd5 Nxd5 16. Nxd5 cxd5 17. Rc1 Rac8 18. Qd2 Rc6 19. Rxc6 Qxc6 20. Rc1 Qd7 21. Kg2 f6 22. Qa5 e5 23. Rc7 Qe6 24. Qxa7 Bf8 25. Qa4 Bd6 26. Rc6 Rd8 27. Qa5 Rd7 28. Qa8+ Kg7 29. Rc8 exd4 30. Re8 Be7 31. Bd2 Qe4+ 32. Kg1 Qb1+ 33. Kg2 Qe4+ 34. Kg1 Qb1+ 1/2-1/2

[Event "Klatovy op-A"]
[Site "Klatovy"]
[Date "2005.07.08"]
[Round "7"]
[White "Vevera, Radek"]
[Black "Hasek, Vaclav"]
[Result "0-1"]
[WhiteElo "1966"]
[BlackElo "2117"]
[PlyCount "124"]
[EventDate "2005.07.02"]
[EventType "swiss"]
[EventRounds "9"]
[EventCountry "CZE"]
[SourceTitle "CBM 107 Extra"]
[Source "ChessBase"]
[SourceDate "2005.09.01"]
[SourceVersion "1"]
[SourceVersionDate "2005.09.01"]
[SourceQuality "1"]

1. e4 Nf6 2. e5 Nd5 3. d4 d6 4. Nf3 Bg4 5. Be2 e6 6. c4 Nb6 7. exd6 cxd6 8. Nc3 Be7 9. Be3 0-0 10. 0-0 d5 11. b3 Nc6 12. c5 Nc8 13. b4 Bxf3 14. Bxf3 Bf6 15. b5 Na5 16. Rc1 Ne7 17. Qd3 Nc4 18. Bf4 a6 19. Rb1 b6 20. a4 axb5 21. Rxb5 bxc5 22. Rxc5 Rc8 23. Rb5 Nd6 24. Rb3 Rc4 25. Bxd6 Qxd6 26. Nb5 Qa6 27. Rfb1 Rxa4 28. Bd1 Ra1 29. Bc2 g6 30. h4 Rxb1+ 31. Rxb1 Nf5 32. Qd2 Nxh4 33. Qf4 Be7 34. g3 Nf5 35. Bxf5 exf5 36. Qe5 Qe6 37. Re1 Qb6 38. Nc7 Bf6 39. Qf4 Qxd4 40. Qxd4 Bxd4 41. Rd1 Bf6 42. Nxd5 Kg7 43. Nf4 Rd8 44. Rb1 Bg5 45. Ng2 Ra8 46. Ne1 Bf6 47. Nf3 Ra1 48. Rxa1 Bxa1 49. Kg2 Bc3 50. Nh4 Kf6 51. Nf3 h6 52. Kf1 Ke6 53. Ke2 Kd5 54. Kd3 Ba5 55. Ng1 Bb6 56. Ke2 g5 57. Kf1 Ke4 58. Kg2 f4 59. Nh3 f3+ 60. Kf1 f5 61. Ke1 Bc5 62. Kf1 g4 0-1

[Event "CZE-chT2a 0405"]
[Site "Czech Republic"]
[Date "2005.04.10"]
[Round "11.8"]
[White "Fejtek, Petr"]
[Black "Hasek, Vaclav"]
[Result "1/2-1/2"]
[WhiteElo "2009"]
[BlackElo "2091"]
[PlyCount "37"]
[EventDate "2004.10.17"]
[EventType "team"]
[EventRounds "11"]
[EventCountry "CZE"]
[SourceTitle "EXT 2007"]
[Source "ChessBase"]
[SourceDate "2006.11.23"]
[SourceVersion "1"]
[SourceVersionDate "2006.11.23"]
[SourceQuality "1"]
[WhiteTeam "Kladno"]
[BlackTeam "Tabor"]
[WhiteTeamCountry "CZE"]
[BlackTeamCountry "CZE"]

1. e4 Nf6 2. Nc3 d5 3. exd5 Nxd5 4. Bc4 c6 5. d3 Bf5 6. Nf3 e6 7. 0-0 Nxc3 8. bxc3 Bd6 9. Bg5 Qc7 10. h3 0-0 11. Re1 c5 12. Nh4 Bg6 13. Nxg6 hxg6 14. Qe2 Nc6 15. Rad1 Be5 16. Bd2 Bf6 17. Bb3 b5 18. c4 b4 19. Qe4 1/2-1/2